[Relief of] Christina Tules.

Bibliographic Details
Corporate Author: United States. Congress. House. Committee on the Judiciary. Subcommittee No. 1 (other agent associated with work.)
Format: eBook
Language:English
Published: [Washington : U.S. G.P.O.], 1958.
Subjects:
Online Access:Electronic resource (PDF)

MARC

Tag First Indicator Second Indicator Subfields
LEADER 00000cam a22000001i 4500
001 in00004106295
005 20200117083520.0
006 m d f
007 cr bn mmmapmmp
008 091130s1958 dcu o f000 0 eng d
035 |a cis2007519112 
040 |a UMI  |b eng  |e rda  |c UMI  |d UtOrBLW 
110 1 |a United States.  |b Congress.  |b House.  |b Committee on the Judiciary,  |e issuing body.  |0 http://id.loc.gov/authorities/names/n79036854 
245 1 0 |a [Relief of] Christina Tules. 
264 1 |a [Washington :  |b U.S. G.P.O.],  |c 1958. 
300 |a 4 pages, digital, PDF file. 
336 |a text  |2 rdacontent  |b txt 
337 |a computer  |b c  |2 rdamedia 
338 |a online resource  |2 rdacarrier  |b cr 
500 |a Record is based on bibliographic data in ProQuest Congressional Hearings Digital Collection (last viewed July 2018). Reuse except for individual research requires license from ProQuest, LLC. 
538 |a System requirements: PDF reader software. 
500 |a Electronic resource. 
610 1 0 |a United States.  |b General Accounting Office.  |0 http://id.loc.gov/authorities/names/n80126064 
650 0 |a Claims.  |0 http://id.loc.gov/authorities/subjects/sh85026530 
710 1 |a United States.  |b Congress.  |b House.  |b Committee on the Judiciary.  |b Subcommittee No. 1,  |e other agent associated with work.  |0 http://id.loc.gov/authorities/names/n85118850 
776 0 8 |a United States. Congress. House. Committee on the Judiciary.  |t [Relief of] Christina Tules  |o 85 HJ-T.336 
730 0 |a ProQuest U.S. Congressional Hearings Digital Collection. 
856 4 0 |u http://proxy.library.tamu.edu/login?url=http://congressional.proquest.com/congcomp/getdoc?HEARING-ID=HRG-1958-HJH-0168  |y Electronic resource (PDF)  |t 0 
999 f f |s 01aaa22c-88ef-35f8-bee2-38b5270cf92f  |i 1897cda9-aeae-31ca-921c-b0c6660a77ed  |t 0 
952 f f |a Texas A&M University  |b College Station  |c Electronic Resources  |d Available Online  |t 0  |h No information provided 
998 f f |t 0  |l Available Online